Statistics for Airport Names Quiz

Click here to take the quiz!

General Stats

  • This quiz has been taken 143 times
  • The average score is 14 of 34

Answer Stats

HintAnswer% Correct
New YorkJFK
97%
LondonHeathrow
91%
ParisCharles de Gaulle
81%
LondonGatwick
76%
New YorkLa Guardia
74%
Washington DCDulles
61%
TokyoNarita
60%
LondonLuton
59%
ParisOrly
59%
LondonStansted
57%
LondonCity
52%
AmsterdamSchiphol
50%
IstanbulAtatürk
48%
TokyoHaneda
47%
SeoulIncheon
47%
SingaporeChangi
43%
TorontoPearson
43%
BerlinTegel
40%
MadridBarajas
39%
Washington DCRonald Reagan
33%
Las VegasMcCarran
31%
BerlinSchönefeld
26%
MoscowSheremetyevo
26%
MontrealTrudeau
24%
MoscowDomodedovo
23%
BangkokSuvarnabhumi
20%
IstanbulSabiha Gökçen
19%
MoscowVnukovo
16%
Sao PauloGuarulhos
14%
SydneyKingsford-Smith
14%
BangkokDon Mueang
13%
SeoulGimpo
12%
BogotaEl Dorado
7%
Sao PauloCampinhas
3%

Score Distribution

Percentile by Number Answered

Percent of People with Each Score

Your Score History

You have not taken this quiz